<?xml version="1.0" encoding="UTF-8"?>
<record
    xmlns:xsi="http://www.w3.org/2001/XMLSchema-instance"
    xsi:schemaLocation="http://www.loc.gov/MARC21/slim http://www.loc.gov/standards/marcxml/schema/MARC21slim.xsd"
    xmlns="http://www.loc.gov/MARC21/slim">

  <leader>03067cam a2200469Ia 4500</leader>
  <controlfield tag="001">ocn320531792</controlfield>
  <controlfield tag="003">OCoLC</controlfield>
  <controlfield tag="005">20210303085430.0</controlfield>
  <controlfield tag="006">m        d        </controlfield>
  <controlfield tag="007">cr un|||||||||</controlfield>
  <controlfield tag="008">090508s2005    ctu     ob    000 0 eng d</controlfield>
  <datafield tag="020" ind1=" " ind2=" ">
    <subfield code="a">9781849500593 (electronic bk.) :</subfield>
    <subfield code="c">&#xA3;74.95 ; &#x20AC; 109.95 ; $138.95</subfield>
  </datafield>
  <datafield tag="020" ind1=" " ind2=" ">
    <subfield code="a">1849500592 (electronic bk.) :</subfield>
    <subfield code="c">&#xA3;74.95 ; &#x20AC; 109.95 ; $138.95</subfield>
  </datafield>
  <datafield tag="020" ind1=" " ind2=" ">
    <subfield code="z">9780762306794 (hbk.)</subfield>
  </datafield>
  <datafield tag="020" ind1=" " ind2=" ">
    <subfield code="z">0762306793 (hbk.)</subfield>
  </datafield>
  <datafield tag="040" ind1=" " ind2=" ">
    <subfield code="a">VVL</subfield>
    <subfield code="b">eng</subfield>
    <subfield code="c">VVL</subfield>
    <subfield code="d">ZJC</subfield>
  </datafield>
  <datafield tag="050" ind1="1" ind2="4">
    <subfield code="a">LB2322.2</subfield>
    <subfield code="b">.C657 2005</subfield>
  </datafield>
  <datafield tag="072" ind1=" " ind2="7">
    <subfield code="a">JNMN</subfield>
    <subfield code="2">bicssc</subfield>
  </datafield>
  <datafield tag="072" ind1=" " ind2="7">
    <subfield code="a">EDU015000</subfield>
    <subfield code="2">bisacsh</subfield>
  </datafield>
  <datafield tag="080" ind1=" " ind2=" ">
    <subfield code="a">378</subfield>
  </datafield>
  <datafield tag="082" ind1="0" ind2="4">
    <subfield code="a">378.1/01</subfield>
    <subfield code="2">22</subfield>
  </datafield>
  <datafield tag="245" ind1="0" ind2="0">
    <subfield code="a">Comparative perspectives on universities</subfield>
    <subfield code="h">[electronic resource] /</subfield>
    <subfield code="c">edited by Ragnvald Kalleberg, Fredrik Engelstad, Grete Brochmann, Arnlaug Leira and Lars Mj&#xF8;set.</subfield>
  </datafield>
  <datafield tag="260" ind1=" " ind2=" ">
    <subfield code="a">Stamford, Conn :</subfield>
    <subfield code="b">JAI Press,</subfield>
    <subfield code="c">2005.</subfield>
  </datafield>
  <datafield tag="300" ind1=" " ind2=" ">
    <subfield code="a">1 online resource (xxv, 281 p.)</subfield>
  </datafield>
  <datafield tag="490" ind1="1" ind2=" ">
    <subfield code="a">Comparative social research,</subfield>
    <subfield code="x">0195-6310 ;</subfield>
    <subfield code="v">v. 19</subfield>
  </datafield>
  <datafield tag="504" ind1=" " ind2=" ">
    <subfield code="a">Includes bibliographical references.</subfield>
  </datafield>
  <datafield tag="505" ind1="0" ind2=" ">
    <subfield code="a">Introduction / Ragnvald Kalleberg -- Learning academic labor / Patricia J. Gumport -- Early and late adoption of knowledge products: strategic or institutional behavior? / Jeroen Huisman and Eric Beerkens -- The specificity of American higher education / Craig Calhoun -- Analyzing organizational change in higher education / &#xF4;se Gornitzka and Peter Maassen -- Policy regimes and policy change: comparing higher education reform policy in three European countries / Ivar Bleiklie -- Governmental steering and innovations in university curricula / Ineke Jenniskens -- Pushing universities to market their products: redefinitions of academic activities in Finland / Marja H&#xE4;yrinen-Alestalo, Karoliina Snell, and Ulla Peltola -- Review symposium on Burton Clark's Places of inquiry -- Places of inquiry: research and advanced education in modern universities / Burton R. Clark -- Universities: complex bundle institutions and the projects of enlightenment / Ragnvald Kalleberg -- Research and the making of frames / Guy Neave -- Comments on the review essays by Ragnvald Kalleberg and Guy Neave / Burton R. Clark.</subfield>
  </datafield>
  <datafield tag="588" ind1=" " ind2=" ">
    <subfield code="a">Description based on print version record.</subfield>
  </datafield>
  <datafield tag="600" ind1="1" ind2="0">
    <subfield code="a">Clark, Burton R.</subfield>
    <subfield code="t">Places of inquiry.</subfield>
  </datafield>
  <datafield tag="650" ind1=" " ind2="0">
    <subfield code="a">Universities and colleges</subfield>
    <subfield code="v">Cross-cultural studies.</subfield>
  </datafield>
  <datafield tag="650" ind1=" " ind2="0">
    <subfield code="a">Universities and colleges</subfield>
    <subfield code="x">Administration</subfield>
    <subfield code="v">Cross-cultural studies.</subfield>
  </datafield>
  <datafield tag="650" ind1=" " ind2="0">
    <subfield code="a">Education, Higher</subfield>
    <subfield code="x">Aims and objectives</subfield>
    <subfield code="v">Cross-cultural studies.</subfield>
  </datafield>
  <datafield tag="650" ind1=" " ind2="0">
    <subfield code="a">Universities and colleges</subfield>
    <subfield code="x">Research.</subfield>
  </datafield>
  <datafield tag="650" ind1=" " ind2="7">
    <subfield code="a">Universities.</subfield>
    <subfield code="2">bicssc</subfield>
  </datafield>
  <datafield tag="650" ind1=" " ind2="7">
    <subfield code="a">Education</subfield>
    <subfield code="x">Higher.</subfield>
    <subfield code="2">bisacsh</subfield>
  </datafield>
  <datafield tag="700" ind1="1" ind2=" ">
    <subfield code="a">Kalleberg, Ragnvald.</subfield>
  </datafield>
  <datafield tag="740" ind1="4" ind2="2">
    <subfield code="a">The specificity of American higher education.</subfield>
  </datafield>
  <datafield tag="776" ind1="0" ind2="8">
    <subfield code="i">Print version:</subfield>
    <subfield code="t">Comparative perspectives on universities.</subfield>
    <subfield code="d">Stamford, Conn : JAI Press, 2005</subfield>
    <subfield code="z">0762306793</subfield>
    <subfield code="w">(OCoLC)191733593</subfield>
  </datafield>
  <datafield tag="830" ind1=" " ind2="0">
    <subfield code="a">Comparative social research ;</subfield>
    <subfield code="v">v. 19.</subfield>
  </datafield>
  <datafield tag="856" ind1="4" ind2="0">
    <subfield code="u">https://www.emerald.com/insight/publication/doi/10.1016/S0195-6310(2000)19</subfield>
  </datafield>
  <datafield tag="913" ind1=" " ind2=" ">
    <subfield code="1">SSbacklist</subfield>
  </datafield>
  <datafield tag="999" ind1=" " ind2=" ">
    <subfield code="c">32161</subfield>
    <subfield code="d">32161</subfield>
  </datafield>
  <datafield tag="952" ind1=" " ind2=" ">
    <subfield code="0">0</subfield>
    <subfield code="1">0</subfield>
    <subfield code="2">lcc</subfield>
    <subfield code="4">0</subfield>
    <subfield code="7">0</subfield>
    <subfield code="a">DL</subfield>
    <subfield code="b">DL</subfield>
    <subfield code="c">OA</subfield>
    <subfield code="d">2021-03-03</subfield>
    <subfield code="l">0</subfield>
    <subfield code="o">LB2322.2 .C657 2005</subfield>
    <subfield code="r">2021-03-03</subfield>
    <subfield code="u">https://www.emerald.com/insight/publication/doi/10.1016/S0195-6310(2000)19</subfield>
    <subfield code="w">2021-03-03</subfield>
    <subfield code="y">EBOOK</subfield>
  </datafield>
</record>
